Mario Kart: Real Life City Tracks - Statistics

General Stats
  • This quiz has been taken 21 times
  • The average score is 12 of 14
Answer Stats
Continent Hint Answer % Correct
Europe Paris
100%
The Americas New York
94%
Europe Amsterdam
88%
Europe Berlin
88%
Europe London
88%
The Americas Los Angeles
88%
Asia Tokyo
88%
Asia Bangkok
81%
Europe Madrid
81%
Europe Rome
81%
Oceania Sydney
81%
Asia Singapore
75%
The Americas Vancouver
75%
Europe Athens
69%
No matching quizzes found
Score Distribution
Percent of People with Each Score
Percentile by Number Answered
Your Score History
You have not taken this quiz